000 00425nam a2200157 4500
001 144056
003 ES-MaACL
005 20230906200932.0
007 t|
008 070214s1956 sp r ||||1| spa d
100 1 _aShryock, Harold.
_9106168
245 1 0 _aHaciéndote hombre /
_cHarold Shryock.
260 _aBarcelona :
_bSafeliz,
_c1956.
300 _a206 p., 14 lám. ;
_c21 cm.
852 _aES-MaACL
_jC-11776
_bR.39748
999 _c144056
_d144056